10 powiatów najbardziej wysuniętych na wschód Polski - Statystyki

Ogólne statystyki
  • Ten quiz został rozwiązany 29 razy
  • Średni wynik to 8 z 10
Statystyki odpowiedzi
Powiat % Poprawnych
hajnowski
96%
hrubieszowski
93%
włodawski
93%
bialski
89%
chełmski
86%
białostocki
82%
tomaszowski
75%
zamojski
75%
sokólski
71%
lubaczowski
68%
Nie znaleziono quizów pasujących do podanych kryteriów
Rozkład punktacji
Procent ludzi z każdym wynikiem
Percentyl według liczby udzielonych odpowiedzi
Twoja historia wyników
Nie rozwiązałeś tego quizu